000 00595nam a2200169Ia 4500
008 180921t2016 xxu||||| |||| 00| 0 sin d
041 _asin
080 _aX8 ස 3
_bBUT
100 _aNoman Siripala
_ecom.
245 _aබුත්සරණ :විද්‍යාචක්‍රවර්තීන්ගේ අමෘතාවහ නම් බුද්ධ චරිතය
246 _aButhsarana: Widyachakrawarthienge Amurthawaha nam wuu Buddha Charithya
260 _bGodage
_aColombo
_c2016
300 _b360p, 22cm
942 _cBK
999 _c902
_d902
003 LK-CoDNM
040 _aLK-CoDNM
_dLK-CoDNM
_eLK-CoDNM